000 01026nam a22002657a 4500
003 OSt
005 20250812111552.0
008 250618b |||a|||| |||| 00| 0 spa d
020 _a9786287526143
037 _bDonación
040 _aCO-JMCR
_bspa
_cCO-JMCR
_dCO-JMCR
_erda
041 0 _aspa
082 0 4 _223
_a398
_bR61
245 0 3 _aEl ritmo que conecta el futuro :
_bColombia en expo Dubái /
_cIlustrado por Dylan Quintero, Laura Hernández, Sofía Londoño; Ilustrado Edición Andrés Barragán, Leonardo Realpe.
260 _aColombia :
_bPunto aparte editores,
_c2022.
300 _a116 páginas:
_bIlustraciones;
_c31 cm. x 22 cm.
650 2 4 _2JMCR
_aDiversidad cultural
_zColombia
_944254
650 2 4 _2JMCR
_aInnovación
_zColombia
_944255
700 1 _aQuintero, Dylan,
_eilustrador
_944169
700 1 _aHernández, Laura,
_eIlustradora
_944170
700 1 _aLondoño, Sofía,
_eilustradora
_944171
700 1 _aBarragán, Andrés,
_eeditor
_944172
700 1 _aRealpe, Leonardo,
_eeditor
_944173
942 _2ddc
_cBK
999 _c31009
_d17393